000 00815nam a2200193Ii 4500
003 JO-AjNU
008 230605s9999||||xx |||||||||||||| ||und||
040 _aJO-AjNU
_bara
_erda
_cJO-AjNU
041 _aara
050 1 4 _aBP130.5 2009
100 3 _aالباقوتي، أبي الحسن علي بن الحسين الأصبهاني؛ تحقيق محمد أحمد الدالي,
_eauthor
_943689
245 0 0 _aالإبانة في تفصيل ماءات القرآن وتخريجها على الوجوة التي ذكرها أرباب الصناعة
264 3 1 _aد.م: د.ن، 2009
300 _a608ص
_bيشتمل على فهارس من ص 529-608
336 _atext
_btxt
_2rdacontent
337 _aunmediated
_bn
_2rdamedia
338 _avolume
_bnc
_2rdacarrier
650 4 _aالقران - القراءات
_943690
999 _aA18800
_c22368
_d22368